Music Quiz

Random Music or Song Quiz
Score 0/25 Timer 05:00
0 Plays Today
% Correct
Carole King
92.9%
Marilyn Monroe
89.6%
Judy Collins
88.5%
Julian Lennon
85.8%
Andy Kaufman
83.6%
Jake Gyllenhaal
81.9%
Elle McPherson and|or Christie Brinkley
80.5%
Elvis Presley
75.6%
Martin Luther King
71.5%
Pattie Boyd
68.8%
Rubin Carter
66.6%
Marvin Gaye
61.1%
Elvis Presley
60%
% Correct
Paul McCartney
58.6%
John Lennon
56.7%
Bob Dylan
52.6%
Marianne Faithful
51%
Jacques Cousteau
50.4%
John Lennon
49.6%
Rosanna Arquette
44.4%
Joni Mitchell
39.5%
Maharishi Mahesh Yogi
35.3%
Johnny Rotten
34.8%
Don McLean
32.3%
David Geffen
20%

You're not logged in!

Compare scores with friends on all Sporcle quizzes.
OR
Log In

Sporcle TV

Today on Sporcle TV


Watch our educational content, quiz creation guides, and fun videos on Sporcle TV.

Show Comments

Extras

Top Quizzes Today


Score Distribution

Paid Content

Your Account Isn't Verified!

In order to create a playlist on Sporcle, you need to verify the email address you used during registration. Go to your Sporcle Settings to finish the process.

Report this User

Report this user for behavior that violates our Community Guidelines.

Details: